Energetický audit papierenského stroja v Mondi SCP, a.s. – príprava a čerpanie vodolátky
Uložené v:
| Hlavný autor: | |
|---|---|
| Ďalší autori: | |
| Médium: | Rukopis Kniha |
| Jazyk: | Slovak |
| Predmet: | |
| On-line prístup: | http://is.stuba.sk/zp/portal_zp.pl?podrobnosti=103113 |
| Tagy: |
Žiadne tagy, Buďte prvý, kto otaguje tento záznam!
|
MARC
| LEADER | 00000ntm a22000003a 4500 | ||
|---|---|---|---|
| 001 | stuzp47001 | ||
| 003 | SK-STU | ||
| 005 | 20150617230330.8 | ||
| 007 | ta | ||
| 008 | 150427s2015----xo-----f-mn---000-0-slo-d | ||
| 040 | |a STU |b slo | ||
| 041 | 0 | |a slo | |
| 100 | 1 | |a Janošovský, Ján |u 046230 |4 aut |U FCHPT Ústav chemického a environmentálneho inžinierstva |T FCHPT Oddelenie chemického a biochemického inžinierstva |X 69326 |U C6230 |Y 119 |7 69326 | |
| 242 | 0 | 1 | |a Energy audit of paper machine in Mondi SCP, a.s. – Stock preparation and pumping |y eng |
| 245 | 1 | 0 | |a Energetický audit papierenského stroja v Mondi SCP, a.s. – príprava a čerpanie vodolátky |
| 650 | 4 | |a energetický audit |2 slo | |
| 650 | 4 | |a papierenský stroj |2 slo | |
| 650 | 4 | |a ekonomická analýza |2 slo | |
| 650 | 4 | |a vodolátka |2 slo | |
| 650 | 4 | |a paper machine |2 eng | |
| 650 | 4 | |a economic analysis |2 eng | |
| 650 | 4 | |a stock |2 eng | |
| 650 | 4 | |a energy audit |2 eng | |
| 700 | 1 | |a Variny, Miroslav, |d 1984- |4 ths |X 25916 |7 A000025916 | |
| 856 | 4 | |u http://is.stuba.sk/zp/portal_zp.pl?podrobnosti=103113 | |
| SQL | |a stuzp47001 |b DDP |c SLO |d Energetický audit papierenského stroja v Mondi SCP, a.s. – príprava a čerpanie vodolátky |e 69326 |f Janošovský, Ján |g 046230 |h 25916 |i Variny, Miroslav |j 20140610 |k 115 |l 04 |m http://is.stuba.sk/zp/portal_zp.pl?podrobnosti=103113 | ||